000 00854nam a22002777a 4500
001 BR6000353
003 BR-BrBNA
005 20230928095319.0
007 ta
008 230509b bl.||||| |||| 00| 0 por d
040 _aBR-BrBNA
_bpor
_cBiblioteca Nacional de Agricultura
041 _a(Por)
072 _aL02; E14
_b5214
090 _ 5214 BR6000353
110 1 _aPlano de Melhoramento da Alimentacao e do Manejo do Gado Leiteiro, Rio de Janeiro, GB (Brasil)
_97815
245 1 _aPlano de melhoramento da alimentacao e do manejo do gado leiteiro. Projeto estadual do Acre
260 3 _aRio de Janeiro, GB (Brasil):
_c1970.
300 _a[vp]
650 _aGado Leiteiro
650 _aNutricao Animal
650 _aManejo
650 _aProjeto de Desenvolvimento
650 _aAcre
909 _a202309
_bLucia
_c55
_dLucia Elande
942 _cBK
999 _c55821
_d55821